| 000 | 00000nam##2200000za#4500 |
| 001 | 9.617766 |
| 003 | CaOODSP |
| 005 | 20210615102407 |
| 007 | ta |
| 008 | 150406|2006||||xxc||||| f|0| 0 eng|d |
| 020 | |a0-662-42997-4 |
| 040 | |aCaOODSP|beng |
| 043 | |an-cn--- |
| 086 | 1 |aTU3-6/04-1E |
| 110 | 2 |aTransportation Safety Board of Canada. |
| 245 | 10|aMain-track derailment - Canadian Pacific Railway Train No. 239-13 mile 178.20, Belleville subdivision, Whitby, Ontario, 14 January 2004 |
| 260 | |aGatineau - Quebec : |bTransportation Safety Board of Canada |c2006. |
| 300 | |av, 61p. : |bfigs., glossary, graphs, illus., map, tables, photographs ; |c28 cm. |
| 490 | 1 |aRailway investigation report |vR04T0008 |
| 563 | |aSoftcover |
| 590 | |a06-36|b2006-09-08 |
| 690 | 07|aRailway accidents|2gcpds |
| 775 | 08|tDéraillement en voie principale du train numéro 239-13 exploité par le Chemin de fer Canadien Pacifique au point milliaire 178,20 de la subdivision Belleville à Whitby (Ontario) le 14 janvier 2004 |w(CaOODSP)9.627181 |
| 776 | 0#|tMain-track derailment - Canadian Pacific Railway Train No. 239-13 mile 178.20, Belleville subdivision, Whitby, Ontario, 14 January 2004 |w(CaOODSP)9.561033 |
| 830 | #0|aRailway investigation report ;|vR04T0008|w(CaOODSP)9.515245 |